One Piece quiz ultime 13 - Arc Skypiea - Statistiques

Statistiques générales
  • Ce quiz a été pris 16 fois
    0 depuis la dernière actualisation
  • Le résultat moyen est 0 sur 193
Statistiques - réponses
Question Réponse % Correct
De combien de pourcents est le taux de survie dans l'ordalie de Ohm ? 0%
0%
De combien de pourcents est le taux de survie dans l'ordalie de Satori ? 10%
0%
1 berry équivaut à combien de monnaie céleste ? 10.000
0%
De combien est le prix d'entrée sur Skypiea en monnaie céleste ? 1.000.000.000
0%
Avec quelle technique Zoro bat-il Ohm ? 108 Klesha Slash
0%
En général combien d'années sont nécessaires pour réussir à conduire un waver ? 10 ans
0%
Combien de personnes Ener a-t-il vaincu en même temps que Kamakiri à cause de son attaque Vally ? 20
0%
Combien de personnes sont toujours debout après deux heures de combat ? 25
0%
Des criminels de quelle catégorie les membres de l'équipage sont-ils devenues ? 2ème catégorie
0%
De combien de pourcents est le taux de survie dans l'ordalie de Shura ? 3%
0%
Avec quelle technique Zoro bat-il Braham ? 36 Klesha Slash
0%
Depuis combien de temps Jaya a-t-elle été séparée en deux ? 400 ans
0%
Selon Ener au bout de 3 heures combiens de combattants seront encore debout ? 5
0%
De combien de pourcents est le taux de survie dans l'ordalie de Gedatsu ? 50%
0%
Norland reviens sur Jaya après combien d'années ? 5 ans
0%
Depuis combien de temps Ener est-il arrivé sur Skypiea ? 6 ans
0%
Les Shandias ont combattu des ennemis pour protéger leur ponéglyphe il y a combien d'années ? 800 ans
0%
Combien y a-t-il de combattants pour la bataille céleste ? 81
0%
Quelle technique Ener utilise-t-il pour se transformer en gigantesque divinité de foudre ? Amal / Amaru
0%
Qui est la surveillante de la porte d'entrée de Skypiea ? Amazon
0%
Comment s'appelle la plage de Skypiea ? Angel Beach
0%
Comment s'appelle la partie de l'île où les skypiens ont le droit de vivre ? Angel Island
0%
À qui appartenaient les silhouettes géantes aperçues par Luffy et son équipage pendant l'arc Jaya ? Aux habitants des cieux
0%
De quelle île est originaire Ener ? Bilca / Birka
0%
Comment s'appelle le bazooka de Wyper ? Burn Bazooka
0%
Avec quelle technique Robin balance-t-elle Yama du haut d'une montagne ? Cent Fleurs Delphinium /Cien Fleur Delphinium
0%
Quel est le nom de la porte de sortie de Skypiea ? Cloud End
0%
Avec quelle technique Sanji bat-il Satori ? Concassé
0%
Qui a appelée l'animal qui a emmené Zoro, Nami, Chopper et Robin jusqu'à l'autel ? Conis
0%
De quel instrument joue Conis ? De la harpe
0%
Qu'est-ce qu'il y a dans le sac d'Aisa ? De la vearth
0%
Quel matériaux Ener a-t-il utilisé pour son arche qu'il a volé dans la cité ? De l'or
0%
Qu'est-ce que Luffy veut voler dans le ventre du serpent géant ? De l'or
0%
Que portent dans le dos les habitants des îles célestes ? Des ailes
0%
Qu'est-ce que Norland et ses hommes ont coupés qui a mis en colère les Shandias ? Des arbres sacrés
0%
Que cultive Gan Forr dans son potager ? Des citrouilles
0%
Qu'est-ce que Usopp donne aux habitants de Skypiea en échange de dials ? Des élastiques
0%
Qu'est-ce qui est présent un peu partout dans l'ordalie de Shura ? Des fils de nuage
0%
Quels pistolets Braham utilise-t-il ? Des flash guns
0%
Quels animaux rejoignent le banquet de l'équipage ? Des loups célestes
0%
Que porte Nami lorsqu'elle dessine des cartes ? Des lunettes
0%
Comment s'appelle le mécanisme de l'arche d'Ener qui permet de créer des nuages d'éclaires ? Despia /Deathpiea
0%
Quels animaux se trouvent dans la mer de nuages tout autour de l'autel sacrificiel ? Des requins célestes
0%
Qu'est-ce que Yama a détruit qui le rend impardonnable aux yeux de Robin ? Des ruines
0%
Qui sont les quatre dieux des Shandias ? (Citer celui qui commence par un F) Dieu de la Forêt
0%
Qui sont les quatre dieux des Shandias ? (Citer celui qui commence par un P) Dieu de la Pluie
0%
Qui sont les quatre dieux des Shandias ? (Citer celui qui commence par un T) Dieu de la Terre
0%
Qui sont les quatre dieux des Shandias ? (Citer celui qui commence par un S) Dieu du Soleil
0%
Quelle technique d'Ener faite de foudre ressemble à un dragon ? Djambuwal /Jamboule
0%
À qui appartient en réalité le pavillon de Bellamy ? Donquixote Doflamingo
0%
Comment s'appelle l'épée d'Ohm ? Eisen Whip
0%
Avec quelle technique Ener élimine-t-il Pagaya ? El Thor
0%
Qui a détruit le sanctuaire divin d'Ener ? Ener
0%
Qui sont les cinq personnes encore debout après les trois heures accordé par Ener ?(écrivez les prénoms dans l'ordre alphabétique) Ener, Nami, Robin, Wyper et Zoro
0%
En quelle matière sont faites les chaussures de Wyper ? En granit marin
0%
De quelle manière Ohm "sauve" les gens ? En les tuant
0%
Comment Ener appelle-t-il le monde des rêves dans lequel il veut se rendre ? Fairy Vearth
0%
Après que Sanji se soit fait attaquer par Ener sur l'arche, il lui dit "Merci j'avais justement besoin de ..." Feu
0%
Quel fruit du démon a mangé Pierre ? Fruit du Cheval /Uma Uma no Mi
0%
Quel fruit a mangé Ener ? Fulguro-Fruit /Goro Goro no Mi
0%
Comment s'appelle l'oiseau de Shura ? Fuza
0%
Qui est l'ancien dieu de Skypiea ? Gan Forr
0%
Quel est le nom du haricot géant de Skypiea ? Giant Jack
0%
De qui provient le message écrit en caractères de ponéglyphe sur le clocher ? Gol D. Roger
0%
Quelle technique de Luffy consiste à vider son esprit pour esquiver toutes les attaques ? Gum Gum Blob /Gomu Gomu no Bohhh
0%
Quelle technique de Luffy consiste à étirer son bras et l'enrouler sur lui même ? Gum Gum Carabine /Gomu Gomu no Rifle
0%
Avec quelle technique Luffy bat-il Ener ? Gum Gum Carabine Dorée / Gomu Gomu no Ougon Rifle
0%
Quelle technique Luffy utilise-t-il pour vaincre la police de Skypiea ? Gum Gum Feu d'Artifice /
Gomu Gomu no Hanabi
0%
Quelle technique utilise Luffy pour détruire la deuxième boule de foudre géante d'Ener ? Gum Gum Feu d'Artifice Pivoine Dorée / Gomu Gomu no Hanabi Ougon Botan
0%
Quelle technique de Luffy consiste à frapper un mur pour que l'adversaire se prenne les ricochets des coups ? Gum Gum Pieuvre Feu d'Artifice/
Gomu Gomu no Tako Hanabi
0%
Quelle technique de Luffy consiste à rendre tout ses membres tous mous ? Gum Gum Pieuvre /Gomu Gomu no Tako
0%
Quelle technique d'Ener faite de foudre ressemble à un oiseau ? Hino
0%
Comment s'appelle le chien d'Ohm ? Holy
0%
Qui sont les deux vice-capitaines de la garde sacrée ? Hotori et Kotori
0%
Que fait le serpent géant quand il tombe dans les ruines de la cité d'or ? Il pleure
0%
Que font tous les habitants de Skypiea juste avant que Luffy ne détruise la boule de foudre géante d'Ener, ? Ils prient
0%
La terre de dieu de Skypiea est en réalité une partie de quelle île ? Jaya
0%
De qui Wyper est-il le descendant ? Kalgara
0%
Quel bateau Conis prête-t-elle à Luffy, Usopp et Sanji ? Karasumaru /Corbeau
0%
Comment s'appelle le dieu serpent des Shandias ? Kashigami
0%
Quelle technique d'Ener faite de foudre ressemble à un loup ? Kiten
0%
Quel est le remède de la maladie dont étaient atteints les Shandias ? La conine
0%
De quelle maladie les Shandias étaient-ils atteint durant l'arrivée de Norland ? La fièvre des bois
0%
Comment la cloche en or est-elle appelée par les Shandias ? La flamme de Shandora
0%
Quel est le nom de la forêt de Satori ? La forêt de l'égarement
0%
À quel élément Luffy est-il insensible ? La foudre
0%
Qu'est en réalité le monde des rêves dans lequel veut se rendre Ener ? La Lune
0%
Quel est le nom de la mer céleste située à 7000 mètres d'altitude ? La mer blanche
0%
Comment les habitants des îles célestes appelent la mer terrestre ? La mer bleue
0%
Quel est le nom de la mer céleste située à 10 000 mètre d'altitude ? La mer d'opale
0%
Quel animal est chargé de faire descendre en douceur les bateaux de Skypiea jusqu'à la mer bleue ? La pieuvre ballon
0%
Quel est le nom de la porte d'entrée de Skypiea ? La porte du paradis
0%
Comment la terre est-elle appelée par les habitants des îles célestes ? La vearth
0%
Quel est le nom du dial tranchant qu'utilisent les soldats de la garde sacrée ? Le axe dial
0%
Quel est le nom du dial qui permet de créer des ballons de nuages ? Le ball dial
0%
Quel est le nom du dial qui permet de faire avancer les wavers ? Le breath dial
0%
Comment est appelée la mélodie de la cloche en or par les habitants de Skypiea ? Le chant de l'île
0%
Comment est surnomé Gan Forr par lui même ? Le chevalier du ciel
0%
Quel est le surnom de Gedatsu ? Le défenseur céleste
0%
Quel est le surnom de Kalgara ? Le démon de Shandora
0%
Quel est le surnom de Wyper ? Le démon furieux
0%
Comment est surnomé Gan Forr par l'équipage ? Le drôle de chevalier
0%
Quel est le nom du dial placé dans l'épée d'Ohm ? Le eisen dial
0%
Qui Kalgara a-t-il tué pour sauver Norland ? Le fils de Kashigami
0%
Quel est le nom du dial qui permet d'accumuler des flammes ? Le flame dial
0%
Quel est le nom du dial utilisé dans les pistolets de Braham ? Le flash dial
0%
Quel est le nom du dial qui permet d'accumuler les odeurs ? Le flavor dial
0%
Quel est le nom du dial qui permet à la lance de Shura de faire des flammes ? Le heat dial
0%
Quel animal est chargé d'amener les criminel jusqu'à l'autel sacrificiel ? Le homard super express
0%
Quel animal est chargé de mener les bateaux, de la porte d'entrée jusqu'à Skypiea ? Le homard express
0%
Quel est le nom du dial qui absorbe les chocs ? Le impact dial
0%
Quel est le nom du dial placé sur les coudes de Gedatsu ? Le jet dial
0%
Quel est le nom du dial qui permet d'accumuler de la lumière ? Le lamp dial
0%
Quel est le nom du pouvoir qui permet de prédire les mouvement des adversaires ? Le mantra
0%
Quel type de pouvoir maîtrise Aisa ? Le mantra
0%
Quel est le nom du dial qui permet d'accumuler des nuages ? Le milky dial
0%
Quel est le nom de la deuxième route permettant d'atteindre les îles célestes ? Le mont Highwest
0%
Comment s'appelle l'équipage dont le bateau est détruit par le Shandia ? L'équipage Eraser
0%
Quel est le nom du dial que Wyper a utiliser pour vaincre Shura ? Le reject dial
0%
Comment s'appelle la police de Skypiea ? Les bérets blancs
0%
Comment s'appellent les nuages sur lesquels on peut marcher ? Les îlo-nimbus
0%
Quel type de nuage Ohm utilise-t-il dans son ordalie ? Les nuages de fer
0%
Comment s'appellent les nuages dans lesquels on peut nager ? Les océo-nimbus
0%
Quels fruits adore manger Ener ? Les pommes
0%
Quel est le nom du groupe formé par Satori, Shura, Gedatsu et Ohm ? Les prélats
0%
Quel type de nuage est présent un peu partout dans l'ordalie de Gedatsu ? Les vaso-nimbus
0%
Quel est le nom du dial utilisé dans les moteurs de l'arche d'Ener ? Le thunder dial
0%
Quel est le nom du dial qui enregistre les sons ? Le tone dial
0%
Quel est le nom du dial qui permet de conserver des images ? Le vision dial
0%
Quel est le nom du dial qui permet d'accumuler de l'eau ? Le water dial
0%
Comment s'appelle la monnaie sur Skypiea ? L'extol
0%
Quel type de fruit du démon permet de prendre la forme d'un élément naturel, de le produire et de le controler ? Logia
0%
Comment Sanji nommera sa propre ordalie ? L'ordalie de l'amour
0%
De quelle ordalie Satori est-il le maître ? L'ordalie des ballons
0%
De quelle ordalie Shura est-il le maître ? L'ordalie des fils
0%
De quelle ordalie Gedatsu est-il le maître ? L'ordalie des marais
0%
De quelle ordalie Ohm est-il le maître ? L'ordalie du fer
0%
Comment s'appelle le quartier commerçant de Skypiea ? Lovely Street
0%
Qui fait sonner la cloche dorée ? Luffy
0%
De quel royaume est originaire Norland ? Lvneel
0%
Comment s'appelle la technique d'Ener qui consiste à faire pleuvoir un orage d'éclaires sur tout Skypiea ? Mamaragan
0%
Avec qui Sanji danse-t-il pendant la fête de la chute d'Ener ? Marilyn
0%
Comment s'appelle l'arche d'Ener ? Maxim
0%
Quel est le nom des voies maritimes faitent de nuages de l'île ? Milky Road
0%
Qui devait être offert en offrande au dieu serpent des Shandias ? Mousse
0%
Qui sont les deux personnes qui se battent contre les vice-capitaines de la garde sacrée ? Nami et Gan Forr
0%
Quel est la formule de politesse utilisée sur Skypiea ? Nombril
0%
Comment s'appelle le bâton d'Ener ? Nonosama Bo
0%
Comment s'appelle le serpent géant de Skypiea ? Nora
0%
Quel est le nom du navire de Norland ? Northheim
0%
Quel type de fruit du démon permet d'affecter le corps, manipuler l'environnement ou produire une substance quelconque ? Paramecia
0%
Usopp utilise des chaussures en forme de quel animal pour grimper sur l'arche d'Ener ? Pieuvres
0%
De quelle arme antique le ponéglyphe de Skypiea indique-t-il l'emplacement ? Poséidon
0%
Quelle attaque Ener utilise-t-il pour anéantire Angel Island ? Raigo
0%
Avec quelle technique Chopper bat-il Gedatsu ? Sabot d'Acier Cross /
Kokutei Cross
0%
Contre qui Bellamy est-il obligé de se battre ? Sarquiss
0%
Quel est le surnom de Satori ? Satori de la forêt
0%
Comment est surnommé le serpent géant ? Seigneur des cieux
0%
Quel était le point faible de Gedatsu selon Chopper ? Ses pieds
0%
Comment s'appelle le jeune Shandia que Norland rencontre en premier ? Seto
0%
Comment s'appelle la cité d'or des Shandias ? Shandora
0%
Quel est le surnom d'Ohm ? Sky Breeder
0%
Quel est le surnom de Shura ? Sky Rider
0%
Qui est Kalgara pour Mousse ? Son père
0%
Comment s'appelle le renard des nuages de Conis ? Soo
0%
Qui Luffy veut-il recruter dans son équipage ? Un charpentier
0%
Quel gros fruit Luffy lance-t-il sur Usopp ? Un conache
0%
À quel animal le chapelet de ballons de Satori ressemble-t-il ? Un dragon
0%
Qu'est-ce qu'Ener accroche au bras de Luffy ? Une boule en or
0%
À quel animal ressemblent les soldats de la garde sacrée ? Une chèvre
0%
Qu'est-ce que Luffy veut s'acheter avec l'or ? Une statue en bronze
0%
À quoi ressemblait à l'origine l'île de Jaya ? Une tête de mort
0%
Quel type de bazooka Conis utilise-t-elle ? Un flame-bazooka
0%
Quel animal Pagaya a-t-il pêché juste avant de rencontrer l'équipage ? Un homard céleste
0%
Qui a réparé le Vogue Merry durant la nuit ? Un Klabautermann
0%
Qu'est-ce qu'Ener a fait pour se ranimer lui-même, après que Wyper lui ai infligé son attaque Reject ? Un massage cardiaque
0%
Sur quoi les criminels se trouvent-ils exilés sur Skypiea ? Un nuage
0%
Qu'est-ce que les habitants de l'île céleste veulent offrir à l'équipage de Luffy pour les remercier d'avoir vaincu Ener ? Un pilier en or
0%
Quel animal s'est retrouvé dans le pentalon d'Usopp lorsqu'il a essayer de nager dans la mer céleste ? Un poisson céleste
0%
À cause de quel animal Luffy, Zoro, Chopper et Robin se retrouvent-ils séparés ? Un serpent géant
0%
Dans quel animal Luffy s'est-il retrouvé suite à son combat contre Wyper ? Un serpent géant
0%
Qu'est-ce que Gan Forr donne à l'équipage pour qu'ils puissent l'appeler ? Un siflet
0%
Quelle animal a sauvé Chopper, Gan Forr et Pierre de la noyade ? Un south bird céleste
0%
En quel objet Ener a-t-il transformé son bâton ? Un trident
0%
Qu'est-ce que Pagaya a réparé pour Nami ? Un waver
0%
Comment s'appelle la terre de dieu de Skypiea ? Upper Yard
0%
Comment s'appelle le grapin de Usopp ? Usopp AAAH-AAAHH
0%
Quelle technique d'Usopp consiste à dire des choses grimaçantes comme "Tu sens de longues aiguilles pénétrer profondément sous tes ongles" ? Usopp Spell
0%
Quel Shandia attaque l'équipage dès leurs arrivées dans le ciel ? Wyper
0%
Quel est le rire d'Ener ? Yahahahaha
0%
Par qui Genbo s'est-il fait battre ? Yama
0%
Quel type de fruit du démon permet de se transformer en animal et en hybride homme-animal ? Zoan
0%
Qui sont les trois personnes qui aident à faire tomber la tige du haricot géant ? Zoro, Nora et Wyper
0%
Aucun quiz correspondant
Distribution des résultats
% des personnes avec chaque résultat
Percentile par nombre de réponses
Votre historique - résultats
Vous n’avez pas pris ce quiz depuis la dernière actualisation